Les prénoms des enfants de Louis XIV - Statistiques

Statistiques générales
  • Ce quiz a été pris 53 fois
  • Le résultat moyen est 11 sur 18
Statistiques - réponses
Hint Extra Hint Explanation Réponse % Correct
Mlle de Blois 2e F-M 1677-1749 Françoise-Marie
74%
Comte de Vexin L-C 1672-1683 Louis-César
74%
Fille de France A-E 1662-1662 Anne-Elisabeth
71%
Grand Dauphin L 1661-1711 Louis
68%
Illégitime, de la Baume le Blanc C 1663-1666 Charles
66%
Mlle de Tours L-M-A 1674-1681 Louise Marie-Anne
66%
Petite Madame M-T 1667-1672 Marie-Thérèse
66%
Comte de Vermandois L 1667-1683 Louis
63%
Mlle de Blois M-A 1666-1739 Marie-Anne
63%
Mlle de Nantes L-F 1673-1743 Louise Françoise
61%
Fille de France M-A 1664-1664 Marie-Anne
61%
2e duc d'Anjou L-F 1672-1672 Louis-François
58%
Illégitime, de la Baume le Blanc P 1665.1666 Philippe
58%
1er duc d'Anjou P-C 1668-1671 Philippe-Charles
58%
Duc du Maine L-A 1670-1736 Louis-Auguste
55%
Comte de Toulouse L-A 1678-1737 Louis-Alexandre
50%
illégitime, de Maisonblanche L 1676-1718 Louise
47%
Illégitime, de la Baume le Blanc L 1665-1666 Louis
34%
Aucun quiz correspondant
Distribution des résultats
% des personnes avec chaque résultat
Percentile par nombre de réponses
Votre historique - résultats
Vous n’avez pas pris ce quiz